000 00785nam a2200277 a 4500
999 _c7974
_d7974
001 7974
003 BD-JhCC
005 20180217102754.0
008 500101s1964 nju b 001 0 eng d
035 _a(BD-JhCC)7974
040 _aBD-JhCC
_cDLC
_dBD-JhCC
041 _aeng
050 0 _aLB1051
_b.G74
082 _a370.15
_bEDU 1964
100 1 _aGreen, Donald Ross.
245 1 0 _aEducational psychology /
_cDonald Ross Green
250 _a3rd ed.
260 _aEnglewood Cliffs :
_bPrentice-Hall,
_cc1964
300 _aviii, 755 p. :
_bill. ;
_c24 cm
490 1 _aFoundations of modern psychology series
504 _aBibliography: p. 115-116
650 0 _aEducational psychology
830 0 _aFoundations of modern psychology series
942 _2ddc
_cBK